|
|
|
|
| LEADER |
02879pam a22005897a 4500 |
| 001 |
AALProQuestebook000007 |
| 003 |
BD-DhAAL |
| 006 |
m||||||||d|||||||| |
| 007 |
cr|||||||||||| |
| 008 |
211227t20172017dcu\\\\\ob\\\\001\0\eng\d |
| 010 |
|
|
|a 2016030001
|
| 020 |
|
|
|a 9783110415223
|
| 020 |
|
|
|a 3110415224
|
| 035 |
|
|
|a (MiAaPQ)EBC4768890
|
| 035 |
|
|
|a (Au-PeEL)EBL4768890
|
| 035 |
|
|
|a (CaPaEBR)ebr11316712
|
| 035 |
|
|
|a (CaONFJC)MIL970133
|
| 035 |
|
|
|a (OCoLC)966456102
|
| 040 |
|
|
|a MiAaPQ
|b eng
|e rda$epn
|c MiAaPQ
|d MiAaPQ
|d BD-DhAAL
|
| 042 |
|
|
|a pcc
|
| 050 |
0 |
0 |
|a P118.15
|b .B58 2017
|
| 082 |
0 |
0 |
|a 401.930721
|2 23
|
| 100 |
1 |
|
|a Blume, María,
|e author.
|9 43661
|
| 245 |
1 |
0 |
|a Research methods in language acquisition
|h [electronic resource] :
|b principles, procedures, and practices /
|c María Blume and Barbara C. Lust with Yuchin Chien, Cristina D. Dye, Claire A. Foley, and Yarden Kedar.
|
| 250 |
|
|
|a First Edition.
|
| 260 |
|
|
|a Washington, DC :
|b American Psychological Association ;
|a Boston :
|b De Gruyter Mouton,
|c c2017.
|
| 300 |
|
|
|a 1 online resource (324 pages).
|
| 490 |
0 |
|
|a Language and the human lifespan series
|
| 500 |
|
|
|a "Cornell Language Acquisition Lab and Virtual Center for Language Acquisition Virtual Linguistic Laboratory."
|
| 500 |
|
|
|a <strong>Off-Campus Access:</strong> Athens ID and Password Required
|
| 500 |
|
|
|a <strong>On-Campus Access:</strong> No User ID or Password Required
|
| 500 |
|
|
|a Access type: Perpetual access for unlimited users
|
| 504 |
|
|
|a Includes bibliographical references and index.
|
| 506 |
|
|
|a Electronic access restricted to authorized BRAC University faculty, staff and students
|
| 526 |
|
|
|a ENH
|x Asifa Sultana,
Associate Professor
|
| 538 |
|
|
|a Mode of access: Internet
|
| 541 |
|
|
|a ProQuest
|h 210.00
|
| 650 |
|
0 |
|a Language acquisition
|x Research
|x Methodology.
|9 43662
|
| 650 |
|
0 |
|a Language acquisition
|x Research
|x Data processing.
|9 43663
|
| 650 |
|
0 |
|a Language acquisition
|x Psychological aspects
|x Research.
|9 43664
|
| 650 |
|
0 |
|a Language and languages
|x Age differences.
|9 43665
|
| 650 |
|
0 |
|a Children
|x Language
|x Psychological aspects.
|9 43666
|
| 650 |
|
0 |
|a Speech acts (Linguistics)
|x Research.
|9 43667
|
| 650 |
|
0 |
|a Psycholinguistics.
|9 43668
|
| 655 |
|
|
|a Electronic books.
|
| 700 |
1 |
|
|a Lust, Barbara,
|d 1941-
|e author.
|9 43670
|
| 830 |
|
|
|a Language and the human lifespan series
|9 43671
|
| 852 |
|
|
|a Ayesha Abed Library
|
| 856 |
|
|
|z Full text available on ProQuest
|u https://ebookcentral.proquest.com/lib/bracu/detail.action?docID=4768890
|
| 942 |
|
|
|2 ddc
|c EBK
|
| 999 |
|
|
|c 43378
|d 43378
|
| 952 |
|
|
|0 0
|1 0
|2 ddc
|4 0
|6 401_930721000000000_BLU
|7 0
|9 69626
|a BRACUL
|b BRACUL
|d 2021-12-27
|e ProQuest
|g 18009.64
|l 0
|o 401.930721 BLU
|r 2021-12-27
|t 1
|w 2021-12-27
|y EBK
|x As discussed with Acquisition team, according to invoice date (20.12.2021) of the ebook, converted USD 210.00 to BDT 18,009.64.
|